Statistics for Mean Girls Quotes

Click here to take the quiz!

General Stats

  • This quiz has been taken 76,008 times
  • The average score is 18 of 28

Answer Stats

Quote% Correct
"That is so {fetch}!" "Gretchen, stop trying to make '{fetch}' happen. It's not going to happen."
94%
I can fit my whole {fist} in my mouth. Wanna see?
92%
On Wednesdays we wear {pink}.
90%
So you're from Africaaa... Why are you {white}?
88%
"She just moved here all the way from {Africa}." "Welcome!" "I'm from Michigan."
86%
Get in, loser, we're going {shopping}.
81%
{Ex-boyfriends} are off-limits to friends. That's just, like, the rules of feminism.
74%
That's why her hair is so big. It's full of {secrets}.
74%
She doesn't even {go} {here}!
73%
One time she punched me in the face. It was {awesome}.
70%
Vintage! So adorable! That is the ugliest effing {skirt} I've ever seen.
70%
Don't have sex, because you will get pregnant and die. Don't have sex in the {missionary} position...
64%
I'm not like a regular {mom}, I'm a cool {mom}.
61%
I'm sorry that people are so jealous of me, but I can't help it that I'm {popular}.
59%
I wish that I could bake a cake filled with {rainbows} and smiles
59%
"Nice wig Janis. What's it made of?" "Your mom's {chest} {hair}!"
59%
Made out with a {hot} {dog}? Oh my God that was one time!
58%
"What are you?" "I'm a {mouse}, duh."
57%
You go, {Glenn} {Coco}
55%
I hear she does car commercials ... in {Japan}.
52%
It's like I have {ESPN} or something. My breasts can always tell when it's going to rain.
52%
I don't hate you 'cause you're {fat}. You're {fat} 'cause I hate you!
51%
She asked me how to spell {orange}.
44%
Can I get you guys anything? A {snack}? A condom? Let me know!
43%
"Oh, Regina gave me some perfume." "You smell like a baby {prostitute}."
42%
Oh my God! {Danny} {De} {Vito}! I love your work!
38%
She's not even that {good} {looking} if you really look at her.
35%
Whatever, I'm getting {cheese} {fries}.
35%

Score Distribution

Percentile by Number Answered

Percent of People with Each Score

Your Score History

You have not taken this quiz